| 000 | 00000nam##2200000za#4500 |
| 001 | 9.601852 |
| 003 | CaOODSP |
| 005 | 20210624210256 |
| 007 | cr ||||||||||| |
| 008 | 150406|1998||||xxc|||||o f|0| 0 fre|d |
| 040 | |aCaOODSP|bfre |
| 043 | |an-cn--- |
| 086 | 1 |aTU3-5/98-2F-PDF |
| 110 | 2 |aBureau de la sécurité des transports du Canada. |
| 245 | 10|aBaisse de régime du rotor et atterrissage forcé, BigHorn Aviation Inc., Eurocopter AS-350D (hélicoptère) C-GBRC, Station VOR de Cranbrook (Colombie-Britannique), 19 janvier 1998 |h[ressource électronique] |
| 260 | |aGatineau - Québec : |bBureau de la sécurité des transports du Canada |c[1999]. |
| 300 | |a9p.|btableaux |
| 490 | 1 |aRapport d'enquête aéronautique |vA98P0022 |
| 590 | |a11-32-Supp|b2011-12-20 |
| 775 | 08|tLoss of rotor RPM and forced landing, BigHorn Aviation Inc., Eurocopter AS-350D (Helicopter) C-GBRC, Cranbrook VOR site, British Columbia, 19 January 1998 |w(CaOODSP)9.571227 |
| 830 | #0|aRapport d'enquête aéronautique ;|vA98P0022|w(CaOODSP)9.501229 |
| 856 | 40|ahttp://publications.gc.ca|qPDF|s85 Ko|uhttps://publications.gc.ca/collections/collection_2011/bst-tsb/TU3-5-98-2-fra.pdf|yA98P0022 |